Obálka Náhled e-knihy:
Epub
Pro půjčování e-knih musíte být přihlášeni.
Jak si půjčit online?

Nebe /

Román o těžkostech dospívání, školní šikaně a mezilidských vztazích přináší nezvyklý pohled na současnou japonskou společnost.

Uloženo v:
Hlavní autor: Kawakami, Mieko, 1976- (Autor)
Další autoři: Macúchová, Klára, 1959- (Autor)
Médium: E-kniha
Jazyk:Czech
Vydáno: Praha : Odeon, 2023
Vydání:Vydání první
Edice:Světová knihovna (Odeon)
Témata:
Tagy:
Žádné tagy
LEADER 02741nam a2200445 i 4500
001 311932
003 CZ PrSKC
005 20260601215714.0
007 ta
008 230510s2023 xr g 000 f cze
015 |a cnb003495407 
020 |a 9788020721624  |q (vázáno) 
035 |a (OCoLC)1389730238 
040 |a ABG001  |b cze  |d ABA001  |e rda 
041 1 |a cze  |h jpn 
072 7 |a 821.521  |x Japonská literatura  |2 Konspekt 
080 |a 821.521-31  |2 MRF 
080 |a (0:82-31)  |2 MRF 
100 1 |a Kawakami, Mieko,  |d 1976-  |7 xx0262368  |4 aut 
240 1 0 |a Hevn.  |l Česky 
245 1 0 |a Nebe /  |c Mieko Kawakami ; přeložila Klára Macúchová 
250 |a Vydání první 
264 1 |a Praha :  |b Odeon,  |c 2023 
300 |a 213 stran ;  |c 21 cm 
336 |a text  |b txt  |2 rdacontent 
337 |a bez média  |b n  |2 rdamedia 
338 |a svazek  |b nc  |2 rdacarrier 
490 1 |a Světová knihovna ;  |v svazek 270 
500 |a Přeloženo z japonštiny 
520 2 |a Román o těžkostech dospívání, školní šikaně a mezilidských vztazích přináší nezvyklý pohled na současnou japonskou společnost.  |b Mieko Kawakami je považována za nejvýraznější japonskou spisovatelku současnosti. Za román Nebe získala japonské literární ocenění (Cenu Murasaki Šikibu). Protagonistu a zároveň vypravěče románu, čtrnáctiletého středoškoláka, poznává čtenář pod přezdívkou Šilhavec, kterou mu dali spolužáci. Kvůli tomu je také ve škole objektem šikany. Chlapec mlčky v osamění trpí, dokud nenaváže přátelství se spolužačkou Kodžimovou - ta jediná dokáže pochopit, co prožívá, protože je rovněž terčem šikany. Svět osamělého, do sebe uzavřeného chlapce se rázem změní, když má možnost sdílet své trápení, diskutovat o důvodech šikany, morálce šikanujících, ale i obětí. Kodžimová Šilhavce přiměje, aby se zamýšlel nad vlastní pasivitou tváří v tvář násilí, a přisuzuje morální převahu, ba i jisté vítězství těm, kdo se stávají oběťmi. Nakladatelská anotace. Kráceno. 
655 7 |a japonské romány  |7 fd132490  |2 czenas 
655 9 |a Japanese fiction  |2 eczenas 
700 1 |a Macúchová, Klára,  |d 1959-  |7 jn20000620206  |4 trl 
830 0 |a Světová knihovna (Odeon) 
900 |a ABA001  |b 20 
928 9 |a Euromedia Group - Odeon 
044 |a xr 
910 |a RBIT002 
998 |d 375885  |a https://core.palmknihy.cz/api/books/375885/cover?ru13ub  |b https://core.palmknihy.cz/api/books/375885/cover/400?ru13ub  |c https://core.palmknihy.cz/api/books/375885/cover/50?ru13ub  |e 2027-06-02  |g 224  |i 9788020721624  |j https://core.palmknihy.cz/api/books/375885/preview.epub  |l   |q 49  |r 1  |s https://www.palmknihy.cz/kniha/375885  |t ebook  |y 2023  |z 0 
999 |d 311930